00337 a2200145 450000100060000002000150000604000220002110000350004324000200007824500150009830000080011336200090012144000120013065000490014259102 a8500704705 cAnchieta - Pituba aGomes, Fernando C. de Araújo10aA ilíadalpor10aA ilíada a4250 a1998 1aEdiouro 4aPoesia épica clássica grega e ficção